[Event "EU-chT Seniors"]
[Site "Sibenik"]
[Date "2014.04.08"]
[Round "8.13"]
[White "Lerstad, Bjorn"]
[Black "Ekelund, Kurt E"]
[Result "1/2-1/2"]
[WhiteElo "1914"]
[BlackElo "2040"]
[PlyCount "29"]
[EventDate "2014.04.01"]
[EventType "team-swiss"]
[EventRounds "9"]
[EventCountry "CRO"]
[SourceTitle "CBM 159 Extra"]
[Source "ChessBase"]
[SourceDate "2014.04.24"]
[SourceVersion "1"]
[SourceVersionDate "2014.04.24"]
[SourceQuality "1"]
[WhiteTeam "Norway Seniors"]
[BlackTeam "Sweden Seniors III"]
[WhiteTeamCountry "NOR"]
[BlackTeamCountry "SWE"]

1. e4 d6 2. d4 Nf6 3. Nc3 g6 4. Be3 c6 5. f3 Nbd7 6. Qd2 Qc7 7. Nh3 b5 8. Nf2 a6 9. Be2 Bg7 10. 0-0 0-0 11. Ncd1 c5 12. c3 Bb7 13. Bh6 Rac8 14. Bxg7 Kxg7 15. Ne3 1/2-1/2

[Event "EU-chT Seniors"]
[Site "Rogaska Slatina"]
[Date "2012.03.27"]
[Round "1.10"]
[White "Mednikova, Svetlana"]
[Black "Lerstad, Bjorn"]
[Result "1/2-1/2"]
[WhiteElo "2183"]
[BlackElo "1902"]
[PlyCount "88"]
[EventDate "2012.03.27"]
[EventType "team-swiss"]
[EventRounds "9"]
[EventCountry "SLO"]
[SourceTitle "CBM 147 Extra"]
[Source "ChessBase"]
[SourceDate "2012.04.24"]
[SourceVersion "1"]
[SourceVersionDate "2012.04.24"]
[SourceQuality "1"]
[WhiteTeam "Russia (Seniors) II"]
[BlackTeam "Norway (Seniors) V"]
[WhiteTeamCountry "RUS"]
[BlackTeamCountry "NOR"]

1. e4 e6 2. d4 b6 3. Nf3 Bb7 4. Bd3 Nf6 5. Qe2 d6 6. 0-0 Be7 7. c4 0-0 8. Nc3 Nbd7 9. Re1 e5 10. d5 h6 11. Rb1 Nc5 12. Bc2 a5 13. b3 Bc8 14. a3 Nh7 15. b4 Nb7 16. Be3 f5 17. exf5 Bxf5 18. Bxf5 Rxf5 19. Ne4 axb4 20. axb4 Ng5 21. Nfxg5 Bxg5 22. Bxg5 hxg5 23. Qg4 g6 24. h4 Qe7 25. hxg5 Kg7 26. g3 Rh8 27. Kg2 Nd8 28. Rh1 Rff8 29. Rxh8 Rxh8 30. Rh1 Rxh1 31. Kxh1 Nf7 32. Kg2 Qd8 33. Kh3 Qh8+ 34. Qh4 Qc8+ 35. Qg4 Qd8 36. f4 Qh8+ 37. Kg2 Qa8 38. f5 Qa2+ 39. Nf2 gxf5 40. Qxf5 Qxc4 41. Qf6+ Kg8 42. Qe6 Kg7 43. Qf6+ Kg8 44. Qe6 Kg7 1/2-1/2

[Event "Drammen CC-ch Master"]
[Site "Drammen"]
[Date "2011.01.11"]
[Round "2"]
[White "Lerstad, Bjorn"]
[Black "Edvardsen, Ragnar"]
[Result "1/2-1/2"]
[WhiteElo "1821"]
[BlackElo "1927"]
[PlyCount "49"]
[EventDate "2011.01.11"]
[EventType "tourn"]
[EventRounds "7"]
[EventCountry "NOR"]
[SourceTitle "EXT 2024"]
[Source "ChessBase"]
[SourceDate "2023.10.10"]
[SourceVersion "1"]
[SourceVersionDate "2023.10.10"]
[SourceQuality "1"]

1. e4 c5 2. Nf3 Nc6 3. d4 cxd4 4. Nxd4 Nf6 5. Nc3 e5 6. Ndb5 d6 7. Bg5 a6 8. Na3 b5 9. Nd5 Be7 10. Bxf6 Bxf6 11. c3 Bg5 12. Nc2 Rb8 13. Be2 0-0 14. Bg4 Ne7 15. Bxc8 Rxc8 16. 0-0 Nxd5 17. Qxd5 Rc5 18. Qd3 a5 19. Rad1 Be7 20. Ne3 g6 21. b4 Rc6 22. Nd5 axb4 23. Qxb5 Rxc3 24. Qxb4 Rc5 25. Rc1 1/2-1/2